AH International Schools' Libraries

All you need to know before you start school / (Record no. 48451)

MARC details
000 -LEADER
fixed length control field 00301nam a2200109 4500
020 ## - INTERNATIONAL STANDARD BOOK NUMBER
International Standard Book Number 9781409597575
100 ## - MAIN ENTRY--PERSONAL NAME
Personal name Brooks, Felicity
245 ## - TITLE STATEMENT
Title All you need to know before you start school /
Statement of responsibility, etc Felicity Brooks
260 ## - PUBLICATION, DISTRIBUTION, ETC. (IMPRINT)
Place of publication, distribution, etc London
Name of publisher, distributor, etc Usborne
Date of publication, distribution, etc 2017
300 ## - PHYSICAL DESCRIPTION
Extent 26 p.
Other physical details col. ill.
Dimensions 30 cm.
942 ## - ADDED ENTRY ELEMENTS (KOHA)
Source of classification or shelving scheme
Koha item type Board Book
Holdings
Withdrawn status Lost status Source of classification or shelving scheme Damaged status Not for loan Home library Current library Shelving location Date acquired Total Checkouts Full call number Barcode Date last seen Date checked out Price effective from Koha item type
          Asian Hope Early Years Library Asian Hope Early Years Library Board Books 02/21/2025 4 BB E BRO 207286 04/29/2026 04/22/2026 02/21/2025 Board Book

For any Logos Library related questions please contact Miss Art at swongnarasuk@asianhope.org.

For any Asian Hope Library related questions please contact Miss Raza at graza@asianhope.org.

Powered by Koha